000 00523 a2200169 4500
003 OSt
005 20231214122422.0
008 231214b |||||||| |||| 00| 0 eng d
020 _a9788120336087
040 _coclc
082 _a620.115
_bCHA/I
100 1 _aChattopadhyay, Kalyan K.
_910116
245 _aIntroduction to nanoscience and nanotechnology /
_cK K Chattopadhyay, A N Banerjee
260 _bPHI Learning,
_c2022.
300 _a268 p
942 _2ddc
_cBK
_h620.115
_iCHA/I
_k620.115
_mCHA/I
999 _c44220
_d44220